Solvent extraction in flame spectroscopic analysis /

Guardado en:
Autor Principal: Cresser, Malcolm S.
Formato: Libro
Idioma:English
Publicado: London : Butterworths, 1978.
Series:Butterworths monographs in chemistry
Materias:
Etiquetas: Agregar Etiqueta
Sin Etiquetas, Sea el primero en etiquetar este registro!
LEADER 00874cam a22002415a 4500
001 EIQ.libpla000619
008 790102s1978####enka#####b####001#0#eng#d
005 20060410161854.0
245 1 0 |a Solvent extraction in flame spectroscopic analysis /  |c Malcolm S. Cresser. 
260 |a London :  |b Butterworths,  |c 1978. 
300 |a ix, 200 p. :  |b il. ;  |c 24 cm. 
440 0 |a Butterworths monographs in chemistry 
504 |a Incluye referencias bibliográficas e índice. 
020 |a 0408713070 
100 1 |a Cresser, Malcolm S. 
082 0 0 |a 543/.085 
650 4 |a Extracción de solventes  |x Espectroscopía de la llama. 
650 4 |a Solución (Química)  |x Análisis. 
650 4 |a Solution (Chemistry)  |x Analysis. 
650 4 |a Solvents extraction  |x Flame spectroscopy. 
010 |a  78040360  
040 |a DLC  |c DLC  |d AR-BbSID 
859 |a AR-BbSID  |b BIB. PLAPIQUI  |h 541.348 9  |i C 86  |p 2793